000 00492nam a2200181Ia 4500
008 240925s9999 xx 000 0 und d
020 _a9789332514416
082 _a621.319 BAL
100 _aBali, S.P
245 0 _aElectrical Technology: machines and measurement
250 _a1st
260 _aNew Delhi:
_bPearson Education
_c,2013.
300 _aVarious pages
_bN.A
_fOriginal
500 _aIncludes Index
600 _aElectrical Engineering
650 _aTechnology
942 _cBK
999 _c12455
_d12455